Word Ladder: Group of Hep Cats Quiz Stats

 Plays Quiz Updated Jul 31, 2017

Support Sporcle.
Go Orange.
Score 0/16 Timer 02:00
0 Plays Today
Clue 4-Letter Word % Correct
Deeply loatheHATE
93.4%
Second Greek letterBETA
93.3%
Crumbly Greek cheeseFETA
93.2%
Jimi Hendrix's 'Purple ____'HAZE
86.8%
• Utah NBA team ••JAZZ•
83.8%
Part of a necklaceBEAD
81.6%
Defeat in battleBEAT
81.6%
Jango or Boba, e.g.FETT
80.7%
Clue 4-Letter Word % Correct
Cause to become angledBEND
79.4%
An act of derring-doFEAT
79.4%
Completely destroyRAZE
76%
• A simple round symbol of a wedding ••BAND•
71.7%
Tease playfullyRAZZ
71.2%
Popular 1976 love ballad by KissBETH
64.5%
Archaic third person singularHATH
63.7%
City in the county of SomersetBATH
62.3%

Today's Daily Dose

Word Ladder
New Dimensions!

Quick Pick
'Animal' Fish

Get the Picture
Bird or Food?

You're not logged in!

Compare scores with friends on all Sporcle quizzes.
OR
Log In
Forgot?

From the Vault

Hide Your 'M' Movies

by timmylemoine1

This mission shouldn't be impossible, so have at it. But only if you choose to accept it.
Remove Ads.
Support Sporcle.
Get the best of Sporcle when you Go Orange. This ad-free experience offers more features, more stats, and more fun while also helping to support Sporcle. Thank you for becoming a member.

Show Comments

Extras

Top Quizzes Today


Score Distribution

Your Account Isn't Verified!

In order to create a playlist on Sporcle, you need to verify the email address you used during registration. Go to your Sporcle Settings to finish the process.

Report this User

Report this user for behavior that violates our Community Guidelines.

Details: